000 00576nam a2200205 a 4500
005 20230227160346.0
008 230227t2013 xxk||||| |||| 00| 0 eng d
020 _a9781471400797
040 _aAKMAL
082 _a813.6 YAN
090 _a813.6
_bYAN
100 _aYangsze, Choo
_99531
245 _aThe ghost bride /
_cYangsze Choo
260 _aLondon :
_bHot Key Books,
_c2013
300 _a390p. :
_c20cm
599 _aDALAM PROSES
650 _aYoung adult fiction
_99532
650 _aRomance & relationship stories (children's / teenager)
_99533
942 _2ddc
_cBOOK
999 _c4978
_d4978